000
00277nam a22001217a 4500
008
171013b xxu||||| |||| 00| 0 eng d
041
_a
eng
080
_a
31+
100
_a
51
101
_a
SOC
245
_a
INTRODUCTION TO THE SOCIAL SCIENCES
_c
JOHN.J
942
_2
udc
_c
BK
999
_c
33788
_d
33788